Cities English Clubs Won the UCL final in - Statistics

General Stats
  • This quiz has been taken 17 times
  • The average score is 3 of 10
Answers on the Grid
Answers color-coded by a green-red scale on the quiz's grid according to % correct below.
Amsterdam
Athens
Barcelona
Brussels
Budapest
Cardiff
Copenhagen
Dublin
Glasgow
Helsinki
Istanbul
Lisbon
London
Madrid
Manchester
Milan
Moscow
Munich
Paris
Porto
Rome
Rotterdam
Stockholm
Vienna
 
Answer Stats
Answer % Correct
Madrid
60%
Munich
60%
Porto
60%
Barcelona
40%
Moscow
40%
Istanbul
20%
London
20%
Rome
20%
Paris
0%
Rotterdam
0%
No matching quizzes found
Score Distribution
Percent of People with Each Score
Percentile by Number Answered
Your Score History
You have not taken this quiz